000
00323nam a22001457a 4500
003
SGT
082
_a
612
_b
H13P
100
_a
PATWARDHAN, KISHOR
245
_a
HUMAN PHYSIOLOGY IN AYURVEDA
260
_a
VARANSI
_b
CHAUKHAMBHA PUB
_c
2013
300
_a
74
650
_a
HUMAN PHYSIOLOGY
653
_a
AYURVEDA
942
_2
ddc
_c
BK
999
_c
8325
_d
8325